951 al 1.000. Decretos leyes dictados por la Junta de Gobierno de la República de Chile

Gardado en:
Detalles Bibliográficos
Formato: Libro
Idioma:Lingua castelá
Publicado: Santiago Jurídica de Chile 1975
Series:Textos Legales, 22
Subjects:
Tags: Engadir etiqueta
Sen Etiquetas, Sexa o primeiro en etiquetar este rexistro!

MARC

LEADER 00000nam a2200000 a 4500
001 UCR0851
003 CL-VaPUC
008 971205e19750000CL |||||||||||||||||spa|d
082 0 4 |a 348.022  |b DEC  |2 21 
245 1 0 |a 951 al 1.000. Decretos leyes dictados por la Junta de Gobierno de la República de Chile 
300 |a 192 p 
942 |c BK 
945 |d 19971205 00:00:00  |a lriquelm 
260 |a Santiago  |b Jurídica de Chile  |c 1975 
650 7 |a LEGISLACION  |2 CL-VaPUC  |9 397331 
650 7 |a FUENTES  |2 CL-VaPUC  |9 255666 
650 7 |a DERECHO CHILENO  |2 CL-VaPUC  |9 397332 
650 7 |a DECRETO LEY  |2 CL-VaPUC  |9 382553 
651 7 |a CHILE  |2 CL-VaPUC  |9 397333 
583 |a last modification  |c 19971205 00:00:00  |k Rodrigo Vera 
490 0 |a Textos Legales, 22 
999 |c 264349  |d 264347